| 000 | 01057nam a2200301 i 4500 | ||
|---|---|---|---|
| 001 | 8456 | ||
| 003 | KOSZ 005 | ||
| 005 | 20221117143956.0 | ||
| 008 | 071105s1967 pl a f 001 0 pol | ||
| 015 | _aPB 1967/3033 | ||
| 040 |
_aWA N _cKOSZ 005/KK _dKOSZ 005/KK |
||
| 080 | _a621.3 | ||
| 100 | 1 |
_aGolde, Wiktor _d(1921-1983) _eAutor |
|
| 245 | 1 | 0 |
_aWzmacniacze tranzystorowe małej częstotliwości, prądu stałego, szerokopasmowe / _cWiktor Golde. |
| 260 |
_aWarszawa : _bWydawnictwa Naukowo-Techniczne, _c1967. |
||
| 300 |
_a461, [1] s. : _bil. ; _c23 cm. |
||
| 380 | _aKsiążki. | ||
| 490 | 1 | _aUkłady Tranzystorowe. | |
| 504 | _aBibliogr. przy rozdz. Indeks | ||
| 521 | 8 | _aDla inżynierów i techników. | |
| 650 | 4 | _aTranzystory | |
| 655 | 4 | _aPodręcznik | |
| 650 | 4 | _aWzmacniacz | |
| 710 | 2 |
_aWydawnictwa Naukowo-Techniczne _4pbl. |
|
| 856 |
_uhttp://koha.tu.koszalin.pl/cgi-bin/koha/opac-detail.pl?biblionumber=8456 _yKatalog online BPK |
||
| 830 | 0 | _aUkłady Tranzystorowe | |
| 942 |
_2UKD _cKS |
||
| 999 |
_c8456 _d8456 |
||